[Event "SLO-chT qual"]
[Site "Kranj"]
[Date "1995.??.??"]
[Round "?"]
[White "Ravnik, Franc"]
[Black "Golija, D."]
[Result "1-0"]
[WhiteElo "1985"]
[BlackElo "2100"]
[PlyCount "76"]
[EventDate "1995.??.??"]
[EventType "team"]
[EventRounds "4"]
[EventCountry "SLO"]
[SourceTitle "EXT 1998"]
[Source "ChessBase"]
[SourceDate "1997.11.17"]
[SourceVersion "1"]
[SourceVersionDate "1997.11.17"]
[SourceQuality "1"]

1. e4 e6 2. d4 c5 3. d5 exd5 4. exd5 d6 5. Nf3 Nf6 6. c4 Be7 7. Nc3 Bg4 8. Be2 0-0 9. 0-0 Re8 10. a3 Nbd7 11. Re1 a6 12. b4 cxb4 13. axb4 Qc7 14. Qb3 Bxf3 15. gxf3 Bf8 16. Bf4 b6 17. Rac1 Rab8 18. Qa3 Ra8 19. Be3 Qb7 20. Qb3 Rab8 21. f4 Rec8 22. f3 Re8 23. Kf2 g6 24. Bd3 Bh6 25. Rg1 Nh5 26. Ne4 Qc7 27. f5 Bxe3+ 28. Kxe3 Kf8 29. fxg6 hxg6 30. Kf2 Ne5 31. Qc3 Nf4 32. Bf1 Qe7 33. Rg3 Qh4 34. Kg1 Ke7 35. c5 Nxd5 36. Qd4 Rh8 37. Rc2 Qxg3+ 38. Kh1 Nxf3 1-0